Countries Ending with "A", but not "IA" - Statistics

General Stats
  • This quiz has been taken 619 times
    597 since last reset
  • The average score is 23 of 35
Answer Stats
Country % Correct
Argentina
82%
Canada
81%
Andorra
75%
Angola
75%
China
75%
Panama
73%
South Korea
72%
North Korea
70%
Ghana
69%
Venezuela
69%
Antigua and Barbuda
68%
Cuba
68%
Guatemala
67%
Guyana
67%
Libya
67%
South Africa
67%
Guinea
66%
Nicaragua
66%
Tonga
65%
Costa Rica
64%
Dominica
63%
Jamaica
63%
Kenya
62%
Malta
62%
Samoa
61%
Grenada
60%
Botswana
59%
Equatorial Guinea
58%
Eritrea
58%
Uganda
58%
Rwanda
57%
Moldova
53%
Papua New Guinea
48%
Sri Lanka
44%
Bosnia and Herzegovina
38%
No matching quizzes found
Score Distribution
Percent of People with Each Score
Percentile by Number Answered
Your Score History
You have not taken this quiz since the last reset